|
|
|
|
| LEADER |
01216nam a22002772a 4500 |
| 001 |
001124731 |
| 003 |
CZ BrMZK |
| 005 |
20110516153619.0 |
| 007 |
ta |
| 008 |
101027s1981 xr f er|||||||||||cze d |
| 015 |
|
|
|a cnb000140805
|
| 040 |
|
|
|a ABA001
|b cze
|d BOA001
|
| 041 |
0 |
|
|a cze
|b eng
|b ger
|b rus
|
| 245 |
0 |
0 |
|a Lidové hračky a současnost :
|b katalog výstavy /
|c text Václav Hrníčko, Karel Severin ; barevné fotografie Jiří Průcha, Petr Kříž ; černobílé fotografie Alena Urbánková
|
| 260 |
|
|
|a Roztoky u Prahy :
|b Středočeské muzeum v Roztokách,
|c 1981
|
| 300 |
|
|
|a 1 sv. (nestránkován), obr. příl. +
|e 65 fotografií na příloze
|
| 546 |
|
|
|a Anglické, německé a ruské resumé
|
| 700 |
1 |
|
|a Průcha, Jiří
|4 pht
|
| 700 |
1 |
|
|a Hrníčko, Václav,
|d 1949-
|7 jk01042797
|4 aut
|
| 700 |
1 |
|
|a Kříž, Petr,
|d 1955-
|7 jx20050616006
|4 pht
|
| 700 |
1 |
|
|a Severin, Karel,
|d 1946-2024
|7 mzk2010572864
|4 aut
|
| 856 |
4 |
1 |
|u http://www.digitalniknihovna.cz/mzk/uuid/uuid:1fae86b0-93d7-11e3-8e84-005056827e51
|y Digitalizovaný dokument
|x NDK
|
| 910 |
|
|
|a BOA001
|b 2-0845.432
|
| 990 |
|
|
|a BK
|
| 991 |
|
|
|b 201010
|
| 996 |
6 |
|
|b 2619392989
|c 2-0845.432
|l MZK
|r Sklad / do 1 hodiny
|n 9
|w 001153436
|u 000010
|a 1
|e BOA001
|j MZK50
|s P
|